000 00255nam a2200109Ia 4500
008 190914s9999||||xx |||||||||||||| ||und||
100 _aManuel G. Velasquez
245 0 _aBusiness Ethics
260 _aNew Delhi
_bAddison
_c2001
300 _a624
942 _cBK
999 _c9014
_d9014